Una tentativa monárquica en América : el caso ecuatoriano /

Bibliographic Details
Main Author: Gimeno, Ana
Format: Book
Language:Spanish
Published: Quito : Centro de Investigación y Cultura, Banco Central del Ecuador, 1988.
Series:Colección histórica (Quito, Ecuador) ; 18.
Subjects:

MARC

Tag First Indicator Second Indicator Subfields
LEADER 00000cam a2200000 a 4500
001 in00001336282
005 20151006050634.0
008 890717s1988 ec b 000 0dspa
010 |a  89163416  
019 |a 19408957 
020 |a 9978720308 
020 |a 9978720243 (Colección histórica) 
035 |a (OCoLC)22421762 
035 |9 AHF0805AM 
040 |a DLC  |c DLC  |d OCL  |d PL#  |d TXA  |d UtOrBLW 
043 |a s-ec--- 
049 |a TXAM 
050 0 0 |a F3736.F5  |b G56 1988 
082 0 0 |a 986.6/05  |2 20 
100 1 |a Gimeno, Ana. 
245 1 4 |a Una tentativa monárquica en América :  |b el caso ecuatoriano /  |c Ana Gimeno ; prólogo de Jaime Delgado Martín y palabras preliminares de Demetrio Ramos. 
264 1 |a Quito :  |b Centro de Investigación y Cultura, Banco Central del Ecuador,  |c 1988. 
300 |a 496 pages ;  |c 22 cm. 
336 |a text  |b txt  |2 rdacontent 
337 |a unmediated  |b n  |2 rdamedia 
338 |a volume  |b nc  |2 rdacarrier 
490 1 |a Colección histórica ;  |v 18 
504 |a Includes bibliographical references (pages 491-496). 
600 1 0 |a Flores, Juan José,  |d 1800-1864. 
651 0 |a Ecuador  |x History  |y 1830-1895. 
650 0 |a Monarchy  |z Ecuador  |x History  |y 19th century. 
651 0 |a Ecuador  |x Relations  |z Foreign countries. 
653 |a América  |a Aspectos políticos. 
653 |a Monarquía. 
830 0 |a Colección histórica (Quito, Ecuador) ;  |v 18. 
999 |a MARS 
999 f f |s 2951611a-a0f8-37aa-8a41-5212ac6f114a  |i 3645ba89-b2cd-33bc-aa91-bf5e2ea3a6a9  |t 0 
952 f f |p ric  |a Texas A&M University  |b Rellis Campus  |c Joint Library Facility  |d Remote Storage  |t 0  |e F3736.F5 G56 1988  |h Library of Congress classification  |i unmediated -- volume  |m A14820830359 
998 f f |a F3736.F5 G56 1988  |t 0  |l Remote Storage